000 00558nam a2200181Ia 4500
008 100920s9999 xx 000 0 und d
082 _b87934
_a700 0
100 _a---
245 _aहिंदुस्थानी संगीत पध्दती.
260 _b---
_c0
300 _a394
_b---
365 _b0
520 _aकला.
630 _aहिंदुस्थानी संगीत पध्दती.
650 _aकला.
730 _aहिंदुस्थानी संगीत पध्दती.
942 _cBOOK
999 _c728441
_d728438